Vplyv nových spoločensko-ekonomických pomerov na vývoj ruského hospodárskeho jazyka
Špecifiká súčasného stavu vo vývine jazyka v Rusku.
Guardado en:
| Autor principal: | |
|---|---|
| Formato: | Capítulo de libro |
| Lenguaje: | eslovaco |
| Materias: | |
| Etiquetas: |
Sin Etiquetas, Sea el primero en etiquetar este registro!
|
MARC
| LEADER | 00000naa a2200000 4500 | ||
|---|---|---|---|
| 001 | 0134896 | ||
| 005 | 20240502072520.5 | ||
| 041 | 0 | |a slo | |
| 044 | |a SK | ||
| 245 | 1 | 0 | |a Vplyv nových spoločensko-ekonomických pomerov na vývoj ruského hospodárskeho jazyka |c Silvia Kokošková |
| 520 | |a Špecifiká súčasného stavu vo vývine jazyka v Rusku. | ||
| 610 | 2 | 0 | |a jazyky cudzie |
| 610 | 2 | 0 | |a ruština |
| 610 | 2 | 0 | |a podnikanie |
| 610 | 2 | 0 | |a hospodárstvo trhové |
| 610 | 2 | 0 | |a komunikácia |
| 610 | 2 | 0 | |a Rusko |
| 100 | 1 | |a Kokošková, Silvia | |